Monkey, watch out! / (Record no. 3048)

MARC details
000 -LEADER
fixed length control field 00848nam a22002897a 4500
001 - CONTROL NUMBER
control field 3048
003 - CONTROL NUMBER IDENTIFIER
control field FISKH
005 - DATE AND TIME OF LATEST TRANSACTION
control field 20240201142209.0
008 - FIXED-LENGTH DATA ELEMENTS--GENERAL INFORMATION
fixed length control field 240201b cb ||||| |||| 00| 0 eng d
020 ## - INTERNATIONAL STANDARD BOOK NUMBER
International Standard Book Number 9780763611873
040 ## - CATALOGING SOURCE
Original cataloging agency FISKH
Language of cataloging eng
Transcribing agency FISKH
Modifying agency FISKH
050 ## - LIBRARY OF CONGRESS CALL NUMBER
Classification number 372.4
082 ## - DEWEY DECIMAL CLASSIFICATION NUMBER
Classification number PZ7
100 ## - MAIN ENTRY--PERSONAL NAME
Personal name Martin, David
245 ## - TITLE STATEMENT
Title Monkey, watch out! /
Statement of responsibility, etc. by Martin, David
250 ## - EDITION STATEMENT
Edition statement First edition 2000
260 ## - PUBLICATION, DISTRIBUTION, ETC.
Place of publication, distribution, etc. Massachusetts :
Name of publisher, distributor, etc. Candlewick Press ,
Date of publication, distribution, etc. 2000
300 ## - PHYSICAL DESCRIPTION
Extent 8 unnumbered pages :
Other physical details color illustrations ;
Dimensions 15 cm .
490 ## - SERIES STATEMENT
Series statement Brand New Readers
505 ## - FORMATTED CONTENTS NOTE
Formatted contents note A <br/>
520 ## - SUMMARY, ETC.
Summary, etc. Only after he stops riding things does monkey have a fall.
521 8# - TARGET AUDIENCE NOTE
Target audience note 10 <br/><br/>
Source Lexile <br/>
521 8# - TARGET AUDIENCE NOTE
Target audience note A <br/>
Source Raz-Plus <br/>
600 ## - SUBJECT ADDED ENTRY--PERSONAL NAME
Source of heading or term monkeys
Form subdivision children's literature
700 ## - ADDED ENTRY--PERSONAL NAME
Personal name Nash, Scott
Relator term illustrator
942 ## - ADDED ENTRY ELEMENTS (KOHA)
Source of classification or shelving scheme Dewey Decimal Classification
Koha item type Books
Suppress in OPAC No
Holdings
Withdrawn status Lost status Source of classification or shelving scheme Damaged status Not for loan Collection Home library Current library Shelving location Date acquired Total Checkouts Full call number Barcode Date last seen Price effective from Koha item type
    Dewey Decimal Classification     Juvenile Fiction Footprints International School Library Network Toul Kork Campus Footprints International School Library Network Toul Kork Campus   02/01/2024   MAR 372.4 FISTK02754 02/01/2024 02/01/2024 Books